Sanat: "Kerran sadassa vuodessa" Kuumaa - Statistics

Yleistilastot
  • Tätä visaa on pelattu 144 kertaa
  • Keskiarvotulos 148 / 198
Vastaustilastot
Hint Vastaus % Oikein
98%
98%
Kerran
97%
niin
95%
sadas
95%
tapahtuu
95%
voi
95%
vuodes
95%
Me
90%
sydän
90%
On
89%
on
89%
et
87%
ku
87%
hajotettu
86%
Kyl
86%
86%
86%
osaa
86%
parantuu
86%
ja
83%
Ja
83%
mua
83%
näkemään
83%
opetit
83%
vuodenajat
83%
ei
79%
olla
79%
oo
79%
etelään
76%
linnut
76%
oot
76%
Oot
76%
se
76%
tääl
76%
katotaan
75%
lähtee
75%
ohimenevää
75%
aika
73%
Kertosäe Meidän
73%
vai
73%
anna
71%
anteeks
71%
joo
71%
sun
70%
kun
68%
Kun
68%
Parta
68%
ranteet
68%
vaan
68%
yhentekevää
67%
että
65%
mietin
62%
Mietin
62%
vielä
62%
hirveessä
60%
melkein
60%
ottanu
60%
pystyssä
60%
seiniä
60%
voimille
60%
hetken
59%
juttui
59%
kuulla
59%
myrskys
59%
Säkeistö 1 Ootkohan
59%
pitelet
59%
auttanu
57%
haluaisin
57%
jotenki
57%
Viikko
57%
jalkeil
56%
sua
56%
tuntui
56%
kaikkee
54%
vuodelt
54%
ilman
52%
sillee
51%
Kaipaan
48%
sussa
48%
ainoo
46%
josta
46%
katoaa
46%
kesän
46%
laitteet
46%
Säkeistö 2 Linnanmäen
46%
pyörii
46%
saan
46%
huomenna
44%
illat
44%
pimenevät
44%
toivoo
44%
vierellä
44%
käymässä
43%
kuinka
43%
mikään
43%
suru
43%
vihloo
43%
koitan
41%
tyhjät
41%
viikkoo
41%
viimeistä
41%
ymmärtää
41%
kerää
40%
pysyvää
40%
talteen
40%
valoa
40%
tiedätsä
33%
Ehtoja vastaavia visoja ei löytynyt
Tulosjakauma
Jokaisen tuloksen saaneiden osuus
Persentiili vastausten määrän mukaan
Tuloshistoriasi
Et ole pelannut tätä visaa